000
00291nam a22001337a 4500
008
180927b xxu||||| |||| 00| 0 eng d
020
_a
9780631234012
041
_a
eng
080
_a
902
100
_a
45
101
_a
ARK
245
_a
Andean Archeology
_c
Silverman.H
942
_2
udc
_c
BK
999
_c
48550
_d
48550